Le carnaval de Cayenne (notice n° 1553800)
[ vue normale ]
| 000 -LEADER | |
|---|---|
| fixed length control field | 01821cam a2200277zu 4500 |
| 003 - CONTROL NUMBER IDENTIFIER | |
| control field | FRCYB45007895 |
| 005 - DATE AND TIME OF LATEST TRANSACTION | |
| control field | 20251020123330.0 |
| 008 - FIXED-LENGTH DATA ELEMENTS--GENERAL INFORMATION | |
| fixed length control field | 251020s2005 fr | o|||||0|0|||fre d |
| 020 ## - INTERNATIONAL STANDARD BOOK NUMBER | |
| International Standard Book Number | 9782844502469 |
| 035 ## - SYSTEM CONTROL NUMBER | |
| System control number | FRCYB45007895 |
| 040 ## - CATALOGING SOURCE | |
| Original cataloging agency | FR-PaCSA |
| Language of cataloging | fr |
| Transcribing agency | |
| Description conventions | rda |
| 100 1# - MAIN ENTRY--PERSONAL NAME | |
| Personal name | Mauffret, Blodwenn |
| 245 01 - TITLE STATEMENT | |
| Title | Le carnaval de Cayenne |
| Remainder of title | Le jeu carnavalesque, une esthétique de proximité |
| Statement of responsibility, etc. | ['Mauffret, Blodwenn'] |
| 264 #1 - PRODUCTION, PUBLICATION, DISTRIBUTION, MANUFACTURE, AND COPYRIGHT NOTICE | |
| Name of producer, publisher, distributor, manufacturer | Ibis Rouge |
| Date of production, publication, distribution, manufacture, or copyright notice | 2005 |
| 300 ## - PHYSICAL DESCRIPTION | |
| Extent | p. |
| 336 ## - CONTENT TYPE | |
| Content type code | txt |
| Source | rdacontent |
| 337 ## - MEDIA TYPE | |
| Media type code | c |
| Source | rdamdedia |
| 338 ## - CARRIER TYPE | |
| Carrier type code | c |
| Source | rdacarrier |
| 520 ## - SUMMARY, ETC. | |
| Summary, etc. | Le carnaval de Cayenne - Le jeu carnavalesque : une esthétique de proximité - tente de mettre en évidence la relation à l'autre qui s'entretient à l'intérieur du carnaval de Guyane et qui influence directement son esthétique. Si le sujet s'est focalisé sur Cayenne, c'est que, d'une part ce fut le premier lieu de la colonisation et de la constitution de la culture créole guyanaise. Et d'autre part, c'est l'espace le plus urbain et donc le plus carnavalesque et le plus capable de mettre place cette esthétique de proximité. Les carnavals des autres villes se sont constitués par rapport à l'esthétique carnavalesque cayennaise. Cayenne et la population créole détiennent le pouvoir culturel. Le jeu carnavalesque quant à lui est le plus à même de mettre en évidence la relation à autrui qui s'entretient dans le carnaval et parce que les bals paré-masqué sont perçus comme des lieux de jeu avec un système de règles établies mettant en place des interdits et des rituels. |
| 650 #0 - SUBJECT ADDED ENTRY--TOPICAL TERM | |
| Topical term or geographic name entry element | |
| 700 0# - ADDED ENTRY--PERSONAL NAME | |
| Personal name | Mauffret, Blodwenn |
| 856 40 - ELECTRONIC LOCATION AND ACCESS | |
| Access method | Cyberlibris |
| Uniform Resource Identifier | <a href="https://international.scholarvox.com/netsen/book/45007895">https://international.scholarvox.com/netsen/book/45007895</a> |
| Electronic format type | text/html |
| Host name | |
Pas d'exemplaire disponible.




Réseaux sociaux